| 000 | 00722nam a2200217Ii 4500 | ||
|---|---|---|---|
| 003 | JO-AjNU | ||
| 008 | 230606s9999||||xx |||||||||||||| ||und|| | ||
| 020 | _a978-0-521-88642-0 Hardback , 978-0-521-71398-6 Paperback | ||
| 040 |
_aJO-AjNU _beng _erda _cJO-AjNU |
||
| 041 | _aeng | ||
| 050 | 1 | 4 | _aPJ7692 2010 |
| 100 | 3 |
_aتحرير AZERAD,HUGUES ؛ PETER COLLIER, _eauthor _92567 |
|
| 245 | 0 | 0 | _aTwentieth - Century French Poetry A Critical Anthology |
| 250 | _a1 ed | ||
| 264 | 3 | 1 | _aNew York:Cambridge University Press,2010 |
| 300 | _a330P | ||
| 336 |
_atext _btxt _2rdacontent |
||
| 337 |
_aunmediated _bn _2rdamedia |
||
| 338 |
_avolume _bnc _2rdacarrier |
||
| 650 | 4 |
_aPoetry - Twentieth Century - Anthology _92568 |
|
| 999 |
_aE1343 _c1343 _d1343 |
||